000 00598nam a2200169Ia 4500
999 _c2625
_d2625
003 DO-SdBJH
005 20180416034458.0
008 180414s9999 dr 000 0 spa d
040 _aDO-SdBJH
_bspa
_cDO-SdBJH
090 _aDM FM 100-5 1993
110 _aInstituto de Cooperación para la Seguridad Hemisférica
245 1 0 _aFM 100-5 Operaciones / Instituto de Cooperación para la Seguridad Hemisférica
260 _aFuerte Benning, Georgia : Cuartel General Secretaría del Ejército, 1993
300 _aviii, 293 páginas en varias paginaciones
650 4 _aOperaciones
942 _2ddc
_cBK